000
00268nam a22001097a 4500
020
_a
139780073210551
100
_a
ROBERT N. LUSSIER
245
_a
HUMAN RELATIONS IN ORGANIZATIONS
250
_a
7TH EDITION
260
_a
NEWYORK
_b
MCGRAW-HILL/IRWIN
_c
2008
942
_c
BK
999
_c
252160
_d
252159